01938nam a22002537a 450000500170000000800410001704000600005804100080011808200120012610000350013824202440017324502620041724600230067925000570070226000920075930000310085150004810088250501550136350600210151854600210153965000470156065000530160765000240166020160620104255.0130419s1786||||sp ||||fr|||||001|0|lat d cSandra Yazo (modificó)dSandra Yazo (modificó)bspa0 alat04a2412201 aBenedicto XIVcPapad1675-175800aCasos de conciencia. Propuestos, resueltos y corregidos por quien fuera anteriormente el Cardenal Próspero Lambertini, y luego Papa Benedicto XIVbObra utilísima y necesaria para los confesores y para los que ejercen cura de almasyspa10aCasus conscientiae de mandato olim Eminentissimi .... Card. Prosperi Lambertini ... deinde ... Papae Benedicti XIV propositi, atque resoluti, ac ab innumeris mendis repurgatibOpus confesariis omnibus atque animarum curam gerentibus perutile ac necessarium.18aCasus conscientiae aTertia editio hispana [Tercera edición española] aMatriti [Madrid] (España)bApud Petrum Marin [En los talleres de Pedro Marín]c1786 a568 páginasc25 x 15 cm. aDetalles físicos: Encuadernación rígida en pergamino. Tapas con pergamino arrugado. Lomo con deterioro por rotura Guardas, la delantera perforada. Portada impresa en una sola tinta con un grabado decorativo y un sello de tinta. Incluye dos portadillas para cada apéndice, la segunda portadilla indica segunda edición. Cenefa y remate. Mayúscula capital. Texto impreso en una columna, con varios tipos y tamaños de letra. Signaturas y reclamos. Pág. 455 rasgada0 aCasos de conciencia (tres por cada mes): 1742 – 1751 ; Apéndice: Casos de conciencia 1752 – 1758 ; Apéndice: Casos de conciencia 1759 – 1761 aConsulta en sala aTexto en latín 7a Teología MoralxObras anteriores a 1800 7aPenitencia (Sacramento)xObras anteriores a 1800 7aMoral xEnseñanza